[Event "Titled Tuesday intern op 01st Apr Early"]
[Site "Chess.com INT"]
[Date "2025.04.01"]
[Round "4"]
[White "Serra Canals, Oriol"]
[Black "Rose, Felix"]
[Result "1-0"]
[WhiteElo "2103"]
[BlackElo "2093"]
[PlyCount "43"]
[EventDate "2025.04.01"]
[EventType "swiss (blitz)"]
[EventRounds "11"]
[EventCountry "USA"]
[SourceTitle "CB15_2025"]
[SourceDate "2025.04.09"]
[SourceVersion "1"]
[SourceVersionDate "2025.04.09"]
[SourceQuality "1"]

1. f4 Nf6 2. Nf3 g6 3. c4 Bg7 4. Nc3 0-0 5. d4 c5 6. d5 e6 7. e3 exd5 8. cxd5 Re8 9. Bd3 d6 10. 0-0 a6 11. a4 Nbd7 12. e4 Rb8 13. e5 dxe5 14. fxe5 Nxe5 15. Nxe5 Rxe5 16. Bf4 Nxd5 17. Bxe5 Bxe5 18. Qf3 Nf4 19. Be4 h5 20. Rad1 Qg5 21. Nd5 Bg4 22. Qf2 1-0

[Event "Titled Tuesday intern op 25th Mar Early"]
[Site "Chess.com INT"]
[Date "2025.03.25"]
[Round "1"]
[White "Ghoreishi Amiri, Seyed Kian"]
[Black "Rose, Felix"]
[Result "1-0"]
[WhiteElo "2216"]
[BlackElo "2093"]
[PlyCount "81"]
[EventDate "2025.03.25"]
[EventType "swiss (blitz)"]
[EventRounds "11"]
[EventCountry "USA"]
[SourceTitle "CB14_2025"]
[SourceDate "2024.11.01"]
[SourceVersion "1"]
[SourceVersionDate "2024.11.01"]
[SourceQuality "1"]

1. d4 d5 2. c4 e6 3. Nc3 Nf6 4. cxd5 exd5 5. Bg5 c6 6. e3 Be7 7. Bd3 Nbd7 8. Qc2 h6 9. Bh4 Nh5 10. Bxe7 Qxe7 11. Nge2 Nb6 12. 0-0 0-0 13. a4 a5 14. Rae1 Bd7 15. Nc1 Rae8 16. f3 f5 17. Qf2 Qb4 18. N1a2 Qd6 19. Qh4 Nf6 20. Nc1 Qb4 21. N1a2 Qxb2 22. Rb1 Qd2 23. Rxb6 Qxe3+ 24. Qf2 Qxd3 25. Rxb7 Bc8 26. Rc7 Ba6 27. Rd1 Qc4 28. Qg3 Rf7 29. Rxf7 Kxf7 30. Qc7+ Re7 31. Qxa5 Kg6 32. Qb4 Qxb4 33. Nxb4 Re3 34. Ncxd5 Nxd5 35. Nxa6 Re2 36. g3 Ra2 37. Nc5 Nc3 38. Rd3 Nxa4 39. Nd7 Nb2 40. Ne5+ Kf6 41. Rc3 1-0

[Event "Titled Tuesday intern op 25th Mar Early"]
[Site "Chess.com INT"]
[Date "2025.03.25"]
[Round "5"]
[White "Harriott, Tyrell"]
[Black "Rose, Felix"]
[Result "1-0"]
[WhiteElo "1924"]
[BlackElo "2093"]
[PlyCount "49"]
[EventDate "2025.03.25"]
[EventType "swiss (blitz)"]
[EventRounds "11"]
[EventCountry "USA"]
[SourceTitle "CB14_2025"]
[SourceDate "2024.11.01"]
[SourceVersion "1"]
[SourceVersionDate "2024.11.01"]
[SourceQuality "1"]

1. d4 d5 2. e3 Nf6 3. Bd3 c5 4. c3 cxd4 5. exd4 Nc6 6. f4 Bg4 7. Ne2 e6 8. Nd2 Bd6 9. 0-0 Qc7 10. Nf3 0-0 11. Ne5 Bf5 12. Ng3 Ne7 13. Be2 Rab8 14. Be3 b5 15. Rc1 Qb7 16. Kh1 b4 17. Bf2 bxc3 18. bxc3 Qb2 19. Nxf5 exf5 20. Rc2 Qa3 21. c4 Ne4 22. Nd7 Bxf4 23. Bg1 Bg5 24. c5 Nc3 25. Qd3 1-0

[Event "Titled Tuesday intern op 25th Mar Early"]
[Site "Chess.com INT"]
[Date "2025.03.25"]
[Round "7"]
[White "Rose, Felix"]
[Black "Lacan Rus, David"]
[Result "0-1"]
[WhiteElo "2093"]
[BlackElo "2390"]
[PlyCount "48"]
[EventDate "2025.03.25"]
[EventType "swiss (blitz)"]
[EventRounds "11"]
[EventCountry "USA"]
[SourceTitle "CB14_2025"]
[SourceDate "2024.11.01"]
[SourceVersion "1"]
[SourceVersionDate "2024.11.01"]
[SourceQuality "1"]

1. e4 c6 2. d4 d5 3. e5 Bf5 4. h4 h5 5. Bd3 Bxd3 6. Qxd3 e6 7. Bg5 Qa5+ 8. Nd2 Qa6 9. c4 Nd7 10. Ngf3 Ne7 11. 0-0 Nf5 12. Qc2 Be7 13. cxd5 cxd5 14. g3 Bxg5 15. hxg5 h4 16. g4 Ne7 17. Kh2 Ng6 18. b4 0-0 19. Kh3 Rac8 20. Qb2 Qd3 21. Rae1 Rc2 22. Re3 Nf4+ 23. Kxh4 Qh7+ 24. Kg3 Rxb2 0-1

[Event "Titled Tuesday intern op 25th Mar Early"]
[Site "Chess.com INT"]
[Date "2025.03.25"]
[Round "2"]
[White "Rose, Felix"]
[Black "Pribelszky, Bence Daniel"]
[Result "0-1"]
[WhiteElo "2093"]
[BlackElo "2400"]
[PlyCount "86"]
[EventDate "2025.03.25"]
[EventType "swiss (blitz)"]
[EventRounds "11"]
[EventCountry "USA"]
[SourceTitle "CB14_2025"]
[SourceDate "2024.11.01"]
[SourceVersion "1"]
[SourceVersionDate "2024.11.01"]
[SourceQuality "1"]

1. e4 e5 2. Nf3 Nf6 3. Nxe5 d6 4. Nf3 Nxe4 5. Nc3 Nxc3 6. dxc3 Be7 7. Be3 0-0 8. Qd2 Nd7 9. 0-0-0 Ne5 10. h4 Be6 11. Ng5 Qd7 12. Bd3 Nxd3+ 13. Qxd3 Bf5 14. Qd2 h6 15. Nf3 c5 16. Bxc5 Qe6 17. Ba3 Qxa2 18. Qf4 Be6 19. Nd4 Rac8 20. Kd2 Qd5 21. f3 Rfe8 22. Kc1 Qa2 23. Kd2 Bf6 24. Ra1 Qd5 25. Qxd6 Bxd4 26. Qxd5 Bxc3+ 27. bxc3 Bxd5 28. Rhe1 Red8 29. Kc1 Rxc3 30. Bb2 Rc4 31. Rxa7 Rdc8 32. Re2 Rxh4 33. Ra5 Rh1+ 34. Kd2 Bc4 35. Re4 Bf1 36. g4 Rh2+ 37. Ke3 Rhxc2 38. Be5 Re2+ 39. Kf4 g5+ 40. Kg3 Rg2+ 41. Kh3 Ra2+ 42. Kg3 Rxa5 43. Bf6 Ra2 0-1

[Event "Titled Tuesday intern op 18th Mar Late"]
[Site "Chess.com INT"]
[Date "2025.03.18"]
[Round "9"]
[White "Gutierrez Olivares, Daniel"]
[Black "Rose, Felix"]
[Result "1-0"]
[WhiteElo "2354"]
[BlackElo "2093"]
[PlyCount "97"]
[EventDate "2025.03.18"]
[EventType "swiss (blitz)"]
[EventRounds "11"]
[EventCountry "USA"]
[SourceTitle "CB13_2025"]
[SourceDate "2025.03.26"]
[SourceVersion "1"]
[SourceVersionDate "2025.03.26"]
[SourceQuality "1"]

1. c4 e6 2. g3 d5 3. Bg2 Nf6 4. Nf3 Be7 5. 0-0 0-0 6. b3 dxc4 7. bxc4 a5 8. Nc3 Nc6 9. d3 e5 10. Nd2 Nd4 11. Rb1 c6 12. h3 Nd7 13. e3 Ne6 14. Nf3 Bb4 15. Qc2 f6 16. Rd1 Nb6 17. Ne2 Qc7 18. g4 Rd8 19. Ng3 Nf8 20. Qb3 Be6 21. Bf1 Be7 22. Qxb6 Qxb6 23. Rxb6 Bxc4 24. Rxb7 Bb4 25. Nf5 Bxa2 26. Rxg7+ Kh8 27. Rb7 Ne6 28. g5 Nc5 29. Rf7 fxg5 30. Rf6 Rg8 31. Bb2 Rae8 32. Nxe5 Na4 33. Nf7+ Bxf7 34. Ba1 Bc3 35. Rxf7 Bxa1 36. Rxa1 Nc3 37. Rxa5 Nd5 38. Raa7 Rg6 39. Rxh7+ Kg8 40. Nh6+ Rxh6 41. Rxh6 Re7 42. Rg6+ Kf7 43. Rxe7+ Kxg6 44. Re6+ Kf5 45. Rxc6 g4 46. Rc5 gxh3 47. Rxd5+ Kg4 48. Be2+ Kh4 49. Rh5# 1-0

[Event "Titled Tuesday intern op 11th Mar Late"]
[Site "Chess.com INT"]
[Date "2025.03.11"]
[Round "11"]
[White "Rose, Felix"]
[Black "Sobek, Jaroslav"]
[Result "1/2-1/2"]
[WhiteElo "2093"]
[BlackElo "2189"]
[PlyCount "79"]
[EventDate "2025.03.11"]
[EventType "swiss (blitz)"]
[EventRounds "11"]
[EventCountry "USA"]
[SourceTitle "CB12_2025"]
[SourceDate "2025.03.19"]
[SourceVersion "1"]
[SourceVersionDate "2025.03.19"]
[SourceQuality "1"]

1. e4 c5 2. Nf3 a6 3. Nc3 Nc6 4. d4 cxd4 5. Nxd4 e5 6. Nxc6 dxc6 7. Qxd8+ Kxd8 8. Be3 Be6 9. 0-0-0+ Kc7 10. Na4 b5 11. Nc5 Nf6 12. Nxe6+ fxe6 13. f3 Be7 14. Be2 Rhd8 15. Rxd8 Rxd8 16. Rd1 Rxd1+ 17. Kxd1 c5 18. a4 Kc6 19. axb5+ axb5 20. c4 b4 21. Kd2 Nd7 22. Bd1 Nb6 23. Kd3 Bf6 24. g4 h6 25. Bf2 g5 26. Be3 Be7 27. b3 Nc8 28. Be2 Bf6 29. h4 Ne7 30. hxg5 hxg5 31. Bf2 Ng6 32. Bg3 Kd6 33. Bd1 Nf4+ 34. Ke3 Bd8 35. Bc2 Bf6 36. Kf2 Be7 37. Kf1 Bf6 38. Kf2 Nh3+ 39. Kg2 Nf4+ 40. Kf2 1/2-1/2

[Event "Titled Tuesday intern op 04th Mar Early"]
[Site "Chess.com INT"]
[Date "2025.03.04"]
[Round "1"]
[White "Taghizadeh, Rayan"]
[Black "Rose, Felix"]
[Result "1-0"]
[WhiteElo "2269"]
[BlackElo "2093"]
[PlyCount "71"]
[EventDate "2025.03.04"]
[EventType "swiss (blitz)"]
[EventRounds "11"]
[EventCountry "USA"]
[SourceTitle "CB11_2025"]
[SourceDate "2025.03.12"]
[SourceVersion "1"]
[SourceVersionDate "2025.03.12"]
[SourceQuality "1"]

1. e4 c5 2. Nf3 g6 3. d4 cxd4 4. Qxd4 Nf6 5. Be2 Nc6 6. Qd3 d6 7. 0-0 Bg7 8. Bd2 0-0 9. Bc3 Bg4 10. Nbd2 a6 11. a4 Rc8 12. h3 Bxf3 13. Nxf3 Nd7 14. Bxg7 Kxg7 15. c3 Qb6 16. Qc2 Nce5 17. Nd2 Nf6 18. Kh1 g5 19. g3 Ng6 20. Rae1 h5 21. f4 gxf4 22. gxf4 e5 23. fxe5 dxe5 24. Nc4 Qc5 25. b4 Qe7 26. Ne3 Kh8 27. Nf5 Qxb4 28. Bf3 Qxc3 29. Qg2 Rg8 30. Qg5 Nh7 31. Qxh5 Nf4 32. Qxf7 Rcf8 33. Qe7 Qd2 34. Qxe5+ Nf6 35. Rd1 Qc2 36. Qxf4 1-0

[Event "Titled Tuesday intern op 04th Mar Early"]
[Site "Chess.com INT"]
[Date "2025.03.04"]
[Round "2"]
[White "Wilk, Igor"]
[Black "Rose, Felix"]
[Result "1-0"]
[WhiteElo "2152"]
[BlackElo "2093"]
[PlyCount "53"]
[EventDate "2025.03.04"]
[EventType "swiss (blitz)"]
[EventRounds "11"]
[EventCountry "USA"]
[SourceTitle "CB11_2025"]
[SourceDate "2025.03.12"]
[SourceVersion "1"]
[SourceVersionDate "2025.03.12"]
[SourceQuality "1"]

1. d4 d5 2. c4 e6 3. Nf3 Nf6 4. g3 Be7 5. Bg2 0-0 6. Qc2 dxc4 7. Qxc4 a6 8. 0-0 b5 9. Qc2 Bb7 10. Nc3 c5 11. Rd1 cxd4 12. Nxd4 Bxg2 13. Nxe6 Qb6 14. Nxf8 Bb7 15. Be3 Qc6 16. f3 Bxf8 17. Rac1 Nbd7 18. Qf5 g6 19. Qh3 Bc5 20. Bxc5 Qxc5+ 21. Kf1 Qe7 22. Rd4 Re8 23. Rcd1 Nc5 24. e4 b4 25. Ne2 Ne6 26. Rd6 Ng5 27. Qh4 1-0

[Event "Titled Tuesday intern op 14th Jan Early"]
[Site "Chess.com INT"]
[Date "2025.01.14"]
[Round "6"]
[White "Rose, Felix"]
[Black "Esmeraldas Huachi, Anderson Yahir"]
[Result "0-1"]
[WhiteElo "2093"]
[BlackElo "2100"]
[PlyCount "72"]
[EventDate "2025.01.14"]
[EventType "swiss (blitz)"]
[EventRounds "11"]
[EventCountry "USA"]
[SourceTitle "CB04_2025"]
[SourceDate "2025.01.22"]
[SourceVersion "1"]
[SourceVersionDate "2025.01.22"]
[SourceQuality "1"]

1. e4 c5 2. Nf3 d6 3. d4 cxd4 4. Nxd4 Nf6 5. Nc3 a6 6. Be3 e5 7. Nb3 Be7 8. f3 0-0 9. Qd2 Be6 10. 0-0-0 b5 11. g4 b4 12. Nd5 Bxd5 13. exd5 a5 14. g5 Nh5 15. Kb1 Nd7 16. Nc1 Qc7 17. Bb5 Rfb8 18. Bc6 Ra6 19. Qe2 Rxc6 20. dxc6 Qxc6 21. f4 Nxf4 22. Bxf4 exf4 23. Qxe7 Rc8 24. Qe2 Ne5 25. Rhe1 f3 26. Qe4 Qc7 27. Rf1 a4 28. Rf2 a3 29. Nd3 Nc4 30. Qxf3 axb2 31. Nxb2 Na3+ 32. Ka1 Nxc2+ 33. Rxc2 Qxc2 34. Qd3 Qxh2 35. Qxd6 Qxd6 36. Rxd6 Rc1# 0-1